Ülker tıp terimleri sözlüğü : (Record no. 200453006)
[ view plain ]
| 000 -LEADER | |
|---|---|
| fixed length control field | 00895nam a2200301 i 4500 |
| 001 - CONTROL NUMBER | |
| control field | 200453006 |
| 003 - CONTROL NUMBER IDENTIFIER | |
| control field | TR-AnTOB |
| 005 - DATE AND TIME OF LATEST TRANSACTION | |
| control field | 20230522101244.0 |
| 007 - PHYSICAL DESCRIPTION FIXED FIELD--GENERAL INFORMATION | |
| fixed length control field | ta |
| 008 - FIXED-LENGTH DATA ELEMENTS--GENERAL INFORMATION | |
| fixed length control field | 230502t1986 tu 000 0 tur d |
| 020 ## - INTERNATIONAL STANDARD BOOK NUMBER | |
| International Standard Book Number | 9789751057907 |
| 040 ## - CATALOGING SOURCE | |
| Original cataloging agency | TR-AnTOB |
| Language of cataloging | eng |
| Description conventions | rda |
| Transcribing agency | TR-AnTOB |
| 041 0# - LANGUAGE CODE | |
| Language code of text/sound track or separate title | Latince |
| -- | Türkçe |
| 060 ## - NATIONAL LIBRARY OF MEDICINE CALL NUMBER | |
| Classification number | W 13 |
| Item number | U392 1986 |
| 096 ## - LOCALLY ASSIGNED NLM-TYPE CALL NUMBER (OCLC) | |
| Classification number | W13 |
| Item number | U392 1986 TıpFaK |
| 100 1# - MAIN ENTRY--PERSONAL NAME | |
| Personal name | Ülker, Süreyya |
| 9 (RLIN) | 15843 |
| 245 10 - TITLE STATEMENT | |
| Title | Ülker tıp terimleri sözlüğü : |
| Remainder of title | Latince-Türkçe-Türkçe-Latince / |
| Statement of responsibility, etc. | Süreyya Ülker. |
| 250 ## - EDITION STATEMENT | |
| Edition statement | 1.baskı |
| 264 #1 - PRODUCTION, PUBLICATION, DISTRIBUTION, MANUFACTURE, AND COPYRIGHT NOTICE | |
| Place of production, publication, distribution, manufacture | İstanbul : |
| Name of producer, publisher, distributor, manufacturer | İnkılap Kitabevi ; |
| Date of production, publication, distribution, manufacture, or copyright notice | 1986. |
| 300 ## - PHYSICAL DESCRIPTION | |
| Extent | xxiv, 558 pages ; |
| Dimensions | 20 cm |
| 336 ## - CONTENT TYPE | |
| Content type term | text |
| Content type code | txt |
| Source | rdacontent |
| 337 ## - MEDIA TYPE | |
| Media type term | unmediated |
| Media type code | n |
| Source | rdamedia |
| 338 ## - CARRIER TYPE | |
| Carrier type term | volume |
| Carrier type code | nc |
| Source | rdacarrier |
| 504 ## - BIBLIOGRAPHY, ETC. NOTE | |
| Bibliography, etc. note | Includes bibliographical references. |
| 655 #2 - INDEX TERM--GENRE/FORM | |
| Genre/form data or focus term | Dictionary, Medical |
| 9 (RLIN) | 138230 |
| 942 ## - ADDED ENTRY ELEMENTS (KOHA) | |
| Source of classification or shelving scheme | National Library of Medicine |
| Koha item type | Book |
| Withdrawn status | Lost status | Source of classification or shelving scheme | Damaged status | Not for loan | Collection code | Home library | Current library | Shelving location | Date acquired | Source of acquisition | Inventory number | Total Checkouts | Full call number | Barcode | Date last seen | Date shelved | Koha item type |
|---|---|---|---|---|---|---|---|---|---|---|---|---|---|---|---|---|---|
| National Library of Medicine | Kullanılmış / Used | Ödünç Verilemez-Kurumiçi kullanım / Not for loan-For inhouse use | Tıp Koleksiyonu | Tıp Fakültesi Medikal Kütüphane | Tıp Fakültesi Medikal Kütüphane | Tıp Koleksiyonu / Medical Collection | 02/05/2023 | Bağış / Donation | TIP | W 13 U392 1986 TıpFaK | TF00217 | 02/05/2023 | 02/05/2023 | Book |
